[Event "E Grand Chess Prix 2 All Pools 2022"]
[Site "Chess.com"]
[Date "2022.03.07"]
[Round "6"]
[White "Andreikin, Dmitry"]
[Black "Bacrot, Etienne"]
[Result "1-0"]
[WhiteElo "2724"]
[BlackElo "2642"]
[EventDate "2022.??.??"]
[Annotator "Bojkov,Dejan"]
[PlyCount "83"]
[Beauty "7563169011281"]
[EventType "team-tourn"]
[EventCountry "FID"]

1.d4 d5 2.Nf3 e6 3.c4 dxc4 4.e3 Nf6 5.Bxc4 c5 {The solid QGA.} 6.O-O a6 7.Nbd2 {Andreikin, known for his original thinking, found an unbeaten path to fight against one of the most reliable black openings.} 7...cxd4 ( {The Russian was nevertheless not the first top GM to use the line:} 7...Nc6 8.dxc5 Bxc5 9.a3 b5 10.Be2 Bb7 11.b4 Be7 12.Bb2 O-O 13.Nb3 a5 14.Nc5 Bxc5 15.bxc5 Qxd1 16.Rfxd1 b4 17.axb4 axb4 18.Nd2 Na5 {was the course of Ding,L (2791)-Yu,Y (2709) chess24.com INT 2020} ) 8.Nxd4 Bc5 9.N4b3 $146 ( {The predecessor witnessed a fascinating draw after:} 9.b3 Bxd4 10.exd4 b5 11.Ba3 Nc6 12.Rc1 bxc4 13.Nxc4 Ne7 14.Nd6+ Kf8 15.Qf3 Bd7 16.Rc7 Rb8 17.Rfc1 Kg8 18.Nb7 Qe8 19.Nd6 Qd8 20.Nb7 Qe8 21.Nd6 {½-½ (21) Theodorou,$146 (2577)-Shlyakhtenko,R (2364) New York 2022} ) 9...Be7 10.Be2 b5 11.a4 ( {Black is also successfully solving his opening problems after} 11.Bf3 Ra7 12.Ne4 Qxd1 13.Rxd1 Nxe4 14.Bxe4 Bb7 ) 11...bxa4 12.Rxa4 O-O 13.Nc4 Bd7 {Once Bacrot catches up with his development, he should have nothing to complain about.} 14.Ra1 Nc6 15.Nbd2 $5 {The game has been equalized and Andreikin needs to find something interesting if he wishes to win the group outright.} ( {Normal play like} 15.Bd2 Qb8 16.Bc3 Rd8 17.Bf3 Be8 {would lead to a normal draw once that the players clash their major pieces along the open files.} ) 15...Nd5 16.Nf3 {The point behind the maneuver: the knight reaches the almost-perfect e5-square. The ideal one would be the c6 square, but how to get there $2} 16...Ncb4 {Bacrot also improves his situation on the queenside.} ( 16...Bf6 {is less appealing due to} 17.e4 ) 17.Bd2 ( {If} 17.Nfe5 Bb5 {regroups nicely for Black.} ) 17...Qb8 18.Nce5 Bb5 {Once the problem of this bishop is solved, it seems as if the game would soon peter out in a draw.} 19.Bxb5 Qxb5 20.Nd4 Qb7 21.Qb3 Qc7 ( {Here the active} 21...Bf6 $5 {was interesting as White cannot exploit the pin after} 22.Nec6 Qb6 23.Nxb4 Bxd4 24.exd4 a5 $1 ) 22.Ndf3 {Black's only minor problem could be the c-file and, in particular, the c6 square.} ( {If} 22.Nef3 {both} 22...a5 ( {And} 22...Nc6 {look good for Black.} ) ) 22...Rfb8 {A natural move.} ( {On the other hand, had Bacrot wanted a draw, he could have gone for the solid} 22...Qc2 $5 23.Qxc2 Nxc2 24.Ra4 Rfc8 {with full equality.} ) 23.Rfc1 Qd6 24.e4 {That is the chance that White was searching for $1 Now things get spicy.} 24...Nc6 $1 {Black accepts the challenge $1} ( {White would have squeezed some edge after} 24...Nf6 25.Qe3 ( {Or} 25.Rc4 ) ) 25.Qxb8+ $3 {And even spicier $1 Andreikin spent a bit over a minute on this move, and it is strictly his only way to play for something. Moreover, it was evident that he was heading for this sacrifice in advance, and his intuition did not fail him.} ( {It is only White who risks losing after} 25.Rxc6 Rxb3 26.Rxd6 Bxd6 27.exd5 Bxe5 28.Nxe5 Rxb2 29.Bc3 Rc2 {as Black will also pick up the d-pawn.} ) 25...Nxb8 $1 {An only move.} 26.Rc8+ Bf8 $1 {And an only move again.} ( {The other retreat would have lost in a study-like fashion after} 26...Bd8 27.exd5 Qxd5 28.Ra5 $3 {It is mandatory to spoil the coordination between the black queen and rook.} ( {In comparison,} 28.Ra3 Nc6 $3 {works well for Black as after} 29.Rxa8 Nxe5 {the white rook on a8 hangs.} ) 28...Qd6 29.Ra3 $1 {And there is no adequate way to meet the threat of Ra3-d3 $1} ) 27.exd5 exd5 {Bacrot spent valuable ten minutes from his remaining time for the capture, but did not guess right.} ( {Two other ideas, both connected with an exchange sacrifice, would have worked better. First} 27...Qxd5 28.Ra4 Nd7 $1 {would have likely led to a draw after} 29.Rxa8 Nxe5 30.R4xa6 Nxf3+ 31.gxf3 Qxd2 32.Rb8 g6 33.Raa8 ) ( {And the cunning} 27...f6 28.Nc6 Nxc6 $1 {might have also led to a perpetual in the semi-forcing line} 29.Rxa8 Qxd5 30.R1xa6 ( {Black seems OK in the posiiton after} 30.R8xa6 Bc5 ) 30...Ne5 31.Bb4 Nxf3+ 32.gxf3 Qg5+ 33.Kh1 ( {Not} 33.Kf1 $2 Qb5+ ) 33...Qc1+ $11 ) 28.Rac1 {But this time Andreikin did not guess right $1} ( {The rook belonged on the other open file} 28.Re1 $3 {and thus both the white major pieces would have united their efforts along the eighth rank as quickly as possible. It seems Black has no defense, e.g.} 28...f6 ( {If} 28...Qe6 29.Rec1 f6 30.Bb4 $1 {exploits the pin.} ) ( {If} 28...a5 {to cover the -b4 square} 29.Nd3 {opens the file for the white rook.} ) 29.Nd3 Kf7 30.Ree8 Be7 31.Bb4 {And Black loses material.} ) 28...f6 29.Nc6 {And this, too, only plays into Black's hands.} ( {White would have still kept control, and an advantage, with} 29.Nd3 a5 30.Re1 Kf7 31.Ree8 Be7 32.Bf4 Qa6 33.Nfe1 ) 29...a5 ( {The exchange sacrifice} 29...Nxc6 $1 {is still recommended by the machine} 30.Rxa8 Qd7 31.Rxa6 Ne5 {It is not clear why White does not dominate after} 32.Nd4 {but the compy says it's all right after} 32...Qb7 ) 30.Rd8 {All very natural, very scary, and well off the mark $1} ( {The unhuman move backward} 30.Ncd4 $3 {leads to a position where Black does not seem to have a good move, say} 30...Qa6 ( {Or} 30...Qb6 31.Re8 ) ( {Or} 30...Kf7 31.R1c7+ Nd7 32.Rxd7+ $1 ) 31.Rd8 {would have preserved White's edge.} ) 30...Qc7 31.Nfd4 ( 31.Rc8 $5 {is objectively better} 31...Qb7 32.Nxa5 Qxb2 {when it is anyone's game.} ) 31...Qb7 {Bacrot gets very close to complete consolidation but also-very short of time. Now the real drama starts.} ( {The exchange sacrifice} 31...Nxc6 $1 {would have been still interesting when Black seems fine in the line} 32.Rxa8 Qb7 33.Rxf8+ Kxf8 34.Rxc6 Qxb2 35.Nf3 a4 ) 32.Nxa5 Qxb2 33.Ndb3 $5 {The danger in the game influenced Andreikin.} ( {This should be the reason why he rejected the obvious} 33.Ne6 Kf7 34.Nxf8 Qxd2 35.Rc7+ {It seems like a win, but Black actually has} 35...Nd7 $3 {and White needs to force a draw with} 36.Rdxd7+ ( {Or else the back-rank weakness will tell} 36.Rcxd7+ $2 Kg8 $1 ) 36...Kxf8 37.Rf7+ ) 33...Kf7 {The king is on the run. Once it is out, the black extra material should finally prevail.} 34.Bf4 Bb4 35.Rc7+ ( {Or else why did White reject the draw $2 The line} 35.Rxd5 Na6 {is good for Black.} ) 35...Kg6 36.Rg8 Bxa5 37.Nxa5 {The culmination of this incredible thriller. Bacrot played the most obvious} 37...Rxa5 ( {But $1 Since the king was on the run} 37...Kf5 $3 {to safeguard, it would have worked better $1 Black wins after} 38.Bc1 Qb4 {Back-rank weakness $1} 39.g3 Na6 40.Rxa8 Nxc7 ) ( {Speaking of the back-rank weakness, the beautiful intereference} 37...Nc6 $3 {would have won for Black as well.} ) 38.g4 $3 {A nasty move in the time trouble. The black king is in a mating net. Black spent his last seconds for} 38...Nd7 ( {But} 38...f5 $1 {to cover the g7-spot would have been better when it is again Black who should play for the full point. Perhaps Bacrot saw} 39.Rxb8 Qxb8 $4 ( {However, there was a defense} 39...Qa1+ $1 40.Kg2 Ra6 {and Black should be more than fine.} ) 40.Rc6+ {which indeed wins for White.} ) 39.Rxd7 {When short of time, the human gives checks. So did Bacrot} 39...Qb1+ ( {It was not too late for} 39...f5 $1 ) 40.Kg2 Qe4+ 41.Kg3 Ra3+ 42.Kh4 $1 {PLAY CHESS, NOT WAR.} ( {And he resigned as the mate is inevitable after} 42.Kh4 f5 43.Rgxg7+ Kf6 44.g5+ Ke6 45.Rde7# ) 1-0

[Event "E Grand Chess Prix 3 All Pools 2022"]
[Site "Chess.com"]
[Date "2022.03.22"]
[Round "1"]
[White "Aronian, Levon"]
[Black "Nakamura, Hikaru"]
[Result "1-0"]
[WhiteElo "2785"]
[BlackElo "2750"]
[EventDate "2022.??.??"]
[Annotator "Bojkov,Dejan"]
[PlyCount "129"]
[Beauty "6119678300725"]
[EventType "match"]
[EventRounds "2"]
[EventCountry "FID"]

1.d4 d5 2.c4 dxc4 3.e4 b5 4.a4 c6 5.axb5 cxb5 6.Nc3 Qb6 {Nakamura did not mind repeating a line which Aronian used at the first Grand Prix event that took place in Berlin as well.} 7.Nd5 {The most aggressive move. It should be noted that not only did the white pieces rapidly create threats while developing, but they were moved in a very rapid speed by their commander too.} 7...Qb7 8.Bf4 e5 {A key resource, to bring the idle pieces out.} 9.Bxe5 Nd7 10.Bf4 Ngf6 {Black needs to sacrifice the exchange but at least is gaining the initiative back.} 11.Nc7+ Kd8 12.Nxa8 Qxe4+ {Another important, subtle move that destroys White's coordination.} 13.Ne2 Qxa8 14.Qd2 {It is, however, Aronian who fires a novelty again. This move is obvious and logical: White speeds up his development and makes sure he will castle properly this time.} ( {In the above-mentioned game Aronian also came up with a novelty after} 14.f3 {White did not mind castling by hand. Then} 14...Nd5 15.Bg5+ {That was brand new, some weeks ago.} ( 15.Bd2 Bd6 16.Nc3 b4 17.Ne4 Re8 18.Be2 Bb8 19.O-O N7b6 20.Ra5 h6 {Nechaeva,M (2372)-Dev,S (2248) Chess.com 2022} ) 15...f6 {An obvious reply, but it costed Dominguez a precious (almost) half-an-hour on the clock. As we shall witness today, Nakamura was also forced to spend serious amount of time on the clock. This posiiton was already critical, with Black having a bunch of interesting options at his disposal.} ( {For example, Black might have wanted to give a try to} 15...N7f6 $5 ) ( {Or something wild like} 15...Be7 16.Bxe7+ Kxe7 17.Nc3 Re8 18.Kf2 Kf8 19.Nxb5 Qc6 20.Nc3 Nc5 $3 ) 16.Bd2 Bd6 17.Ng3 {Or perhaps Nakamura wanted to improve here.} 17...Qb8 18.Kf2 {White's plan is obvious: accomplish the development and castly by hand. After some more thought Dominguez went for} 18...Re8 ( {Here it appears that the maneuver} 18...Bc7 $1 {intending Bc7-b6 is strong, when} 19.Ba5 {can be met with} ( {And if} 19.Be2 {then Black would have an extra choice in comparison to the game in the line} 19...Bb6 20.Ba5 Qf4 $5 21.Bxb6+ N7xb6 22.Rxa7 Re8 $1 {with strong a initiative for the exchange.} ) 19...Bxa5 20.Rxa5 Qb6 21.Ra1 Ne5 $1 {and another nice maneuver will be complete with Ne5-c6 $1} ) 19.Be2 Bc7 $1 {The same maneuver is still excellent, however Aronian managed to escape the danger zone.} 20.Re1 Bb6 21.Kg1 {and White eventually won in Aronian,L (2772) -Dominguez Perez,L (2752) Berlin 2022} ) ( {Previously White had tried to develop with} 14.Nc3 {but did not get much after} 14...Bb4 ( 14...a6 15.f3 Nd5 16.Bg5+ f6 17.Bd2 Nxc3 18.bxc3 Bd6 19.Kf2 h5 20.Qc2 Qa7 {½-½ Skonieczna,B (2361)-Karasova,E (2315) ICCF email 2011} ) 15.f3 Re8+ 16.Be2 a5 17.O-O Qc6 18.Re1 Bxc3 19.bxc3 Nd5 20.Qd2 b4 {Fodor,B (2120)-Dev,S (2243) Budapest 2021} ) 14...Nd5 {Nakamura played his next obvious developing moves quickly.} 15.Nc3 Bb4 16.Be2 Re8 17.Bg3 {However, from here on the American GM started burning time, whereas Aronian kept blitzing, in a most-annoying (for the opponent) manner.} 17...N7f6 18.O-O Ne4 {All of this is pretty obvious, and at a glance looks good for Black.} 19.Qc2 {But now what $2 To grab the pawn or to develop even further $2} 19...Bf5 {Nakamura opted for the second and created a concrete threat. This, however, has a flaw....} ( {The machine is a fan of the position that arises after} 19...Ndxc3 20.bxc3 Bxc3 {but for a human being it is clear that the black king will be permanently weak, after say} 21.Rab1 ) 20.Bh4+ $1 {It is essential to move the bishop from the knight's attack.} 20...f6 21.Bf3 $1 {A nice move $1 White is not afraid of the discovered attacks as he needs to untie the central knot.} 21...Bxc3 ( {The discovered blow from before} 21...Ng3 {is now nicely refuted with} 22.Bxg3 $3 Bxc2 23.Nxd5 $1 {and Black will have to part with at least another light piece.} ) ( {Whereas} 21...Nexc3 {is plain bad due to} 22.Qxf5 ) 22.bxc3 g5 {The bishop is trapped, but Aronian had something in mind.} ( {Instead} 22...Ndxc3 {does not work due to} 23.Qxc3 Nxc3 24.Bxa8 ) ( {White is clearly better after} 22...Qb8 23.Rfe1 ) 23.Rfe1 ( 23.Qb2 $5 {also looks fine.} ) 23...Nf4 ( {More resilient seems} 23...Ndxc3 {although after} 24.Bg3 b4 25.Qb2 Qb7 26.h4 $1 {Black's central construction should not stand longterm.} ) 24.Qa2 $3 {The queen makes it to the enemy king, with tempo.} ( {Amazingly, White could have even afforded} 24.Bg3 {as in the line} 24...Nxg3 25.Rxe8+ Kxe8 26.Qb2 $1 Nge2+ 27.Kh1 $1 {White creates a double-attack, while standing still $1} ) 24...Qb7 {A sad necessity for Nakamura.} ( {However, once the queen enters the battle} 24...gxh4 25.Qa5+ Kc8 26.Qxb5 {Black does not have much to play for, the most accurate win being} 26...Bd7 27.Qa6+ $1 Kd8 28.Qa5+ Kc8 29.Bxe4 Rxe4 30.Qc5+ Kd8 31.Qf8+ Re8 32.Rxe8+ Bxe8 33.Qxf6+ {and everything falls apart.} ) 25.Qxa7 {Simple and strong. Aronian needs the enemy king on the back rank.} ( {The machine claims that} 25.Qa5+ $1 {was even more accurate on the account of} 25...Kd7 ( 25...Kc8 26.Bg3 ) 26.Qxa7 Qxa7 27.Rxa7+ Kc6 28.Ra6+ Kb7 29.Rxf6 $1 ) 25...Qxa7 26.Rxa7 Re6 ( {Why White kept the enemy rook on the back rank is illustrated by the line} 26...gxh4 27.Ra8+ ) 27.Bxe4 ( {Not} 27.Bg3 Nxc3 ) 27...Rxe4 28.f3 Re2 29.Bf2 {White's superb preparation and energetic middlegame play has netted him an extra exchange.} 29...b4 $1 {But Nakamura never resigns without a fight and finds another chance.} 30.cxb4 c3 31.Rxe2 Nxe2+ 32.Kh1 ( 32.Kf1 $5 ) 32...c2 33.Be3 c1=R+ 34.Bxc1 Nxc1 {At least Black won some material back. It is still lost for him though, as the rook and the pawns are dominating.} 35.b5 Kc8 36.b6 ( 36.Rf7 $1 {at once might have been even stronger.} ) 36...Kb8 ( 36...Nd3 $5 ) 37.d5 Nd3 38.g4 Bc8 39.Rf7 ( 39.Rxh7 Ne5 ) 39...Ba6 40.Rxf6 Kb7 41.Kg1 {Avoiding the knight fork.} ( {Although} 41.Kg2 Nf4+ 42.Kg3 Nxd5 43.Rf5 {would have been faster.} ) 41...Bb5 42.Rf5 Nf4 {At least consolidating as much as he can.} 43.h4 $1 {But not for long...} 43...Bd3 44.Rf6 ( 44.Rf7+ Kxb6 45.hxg5 Nxd5 46.Kf2 {would have led to similar consequences.} ) 44...Bb1 45.hxg5 Nxd5 46.Rf8 Nxb6 47.f4 Kc6 48.Kf2 Nd7 49.Rf7 Nc5 ( 49...Kd6 $5 {looks a bit more resilient.} ) 50.Kg3 Bg6 51.Rf8 ( 51.Rf6+ Kd5 52.f5 {would have been faster.} ) 51...Ne6 52.Rg8 {The opponent's time-trouble made Aronian less attentive and this allowed Nakamura one last chance.} ( 52.Rh8 $5 Bb1 53.Rg8 {was the proper way to do the job.} ) 52...Kd6 $1 {A trap $1} 53.Ra8 {Fortunately for White, he spotted it and calmed down quickly.} ( 53.f5 $2 Bf7 54.Ra8 Nxg5 {would be a draw.} ) 53...Bb1 54.Ra1 Be4 55.Rd1+ Bd5 ( 55...Ke7 56.Re1 ) 56.Rd2 {Zugzwang.} 56...Nc7 57.Kh4 {The king infiltrates and finally Aronian managed to grind down his opponent.} 57...Ne6 58.f5 Nc5 59.Kh5 Ke5 60.Kh6 Ne4 61.Rb2 Bc4 62.Rb4 Bd3 63.Rxe4+ Bxe4 $1 64.Kxh7 Kf4 65.Kh6 1-0